Score 0/25 Timer 04:00
0 Plays Today
Question Answer Wrong Answers
Money for ____
(1985 Dire Straits song)
Nothing
100%
Much
0%
Ado
0%
About
0%
____ Onaiwu
(Japanese footballer)
Ado
94.4%
Much
0%
About
0%
Nothing
0%
Out and ____
(phrase meaning engaging in normal social activities)
About
94.4%
Much
0%
Ado
0%
Nothing
0%
(____ But) Flowers
(1988 Talking Heads' song)
Nothing
94.4%
Much
0%
Ado
5.6%
About
0%
____ Appreciated
(casual expression of gratitude)
Much
94.4%
Ado
5.6%
About
0%
Nothing
0%
All ____ Eve
(1950 film starring Bette Davis)
About
94.4%
Much
0%
Ado
0%
Nothing
0%
'The lady doth protest too ____, methinks'
(Hamlet quote)
Much
94.4%
Ado
0%
About
0%
Nothing
0%
There's Something ____ Mary
(1998 Farrelly Brothers film)
About
94.4%
Much
0%
Ado
0%
Nothing
0%
____ A Girl
(1989 Nirvanna song)
About
94.4%
Much
0%
Ado
0%
Nothing
0%
____ A Boy
(1998 novel and 2002 film)
About
94.4%
Much
0%
Ado
0%
Nothing
0%
Sad Songs (Say So ____)
(1984 Elton John song)
Much
94.4%
Ado
0%
About
0%
Nothing
0%
____ But Thieves
(English rock band)
Nothing
94.4%
Much
0%
Ado
0%
About
0%
Don't You (Forget ____ Me)
(1985 Simple Minds song)
About
94.4%
Much
0%
Ado
5.6%
Nothing
0%
____MoreMusic
(Canadian TV Channel)
Much
88.9%
Ado
5.6%
About
0%
Nothing
0%
I Know This ____ Is True
(1998 Wally Lamb novel)
Much
88.9%
Ado
0%
About
5.6%
Nothing
0%
How ____ wood would a woodchuck chuck?
(tongue-twister)
Much
88.9%
Ado
0%
About
0%
Nothing
0%
____ Was the Same
(2013 Drake album)
Nothing
88.9%
Much
5.6%
Ado
0%
About
0%
____ Obliged
(antiquated way of saying thanks)
Much
88.9%
Ado
0%
About
0%
Nothing
5.6%
____ Too ____
(1965 song by The Who)
Much
88.9%
Ado
0%
About
0%
Nothing
5.6%
Abule-____ Explosion
(2020 Nigerian explosion and fire accident)
Ado
88.9%
Much
5.6%
About
0%
Nothing
0%
____ comes from ____
(Philosophical dictum, ex nihilo nihil fit)
Nothing
83.3%
Much
11.1%
Ado
5.6%
About
0%
All or ____
(type of black and white thinking)
Nothing
83.3%
Much
5.6%
Ado
0%
About
5.6%
___'s Theorem
(theorem characterizing finite-dimensional Lie algebras)
Ado
77.8%
Much
5.6%
About
5.6%
Nothing
5.6%
____ Den Haag
(Dutch association football club)
ADO
66.7%
MUCH
22.2%
ABOUT
5.6%
NOTHING
0%
____ Annie Carnes
(Oklahoma! character)
Ado
55.6%
Much
0%
About
33.3%
Nothing
5.6%
Remove Ads.
Support Sporcle.
Get the best of Sporcle when you Go Orange. This ad-free experience offers more features, more stats, and more fun while also helping to support Sporcle. Thank you for becoming a member.

You're not logged in!

Compare scores with friends on all Sporcle quizzes.
OR
Log In

Sporcle TV

Today on Sporcle TV


Watch our educational content, quiz creation guides, and fun videos on Sporcle TV.

Show Comments

Extras

Top Quizzes Today


Score Distribution

Paid Content

Your Account Isn't Verified!

In order to create a playlist on Sporcle, you need to verify the email address you used during registration. Go to your Sporcle Settings to finish the process.

Report this User

Report this user for behavior that violates our Community Guidelines.

Details: